Les 30 plus gros transferts de joueurs français de football - Statistiques

Statistiques générales
  • Ce quiz a été pris 27 351 fois
    12 112 depuis la dernière actualisation
  • Le résultat moyen est 23 sur 30
Statistiques - réponses
Saison Club de départ Club d'arrivée Réponse Montant % Correct
1 18/19 As Monaco Paris SG Kylian Mbappé 180M€
100%
3 19/20 Atletico Madrid FC Barcelone Antoine Griezmann 120M€
98%
2 17/18 Borussia Dortmund FC Barcelone Ousmane Dembélé 135M€
97%
21 23/24 FC Barcelone Paris SG Ousmane Dembélé 50M€
97%
4 16/17 Juventus Manchester United Paul Pogba 105M€
96%
5 23/24 Eintracht Francfort Paris SG Randal Kolo Muani 95M€
90%
7 22/23 AS Monaco Real Madrid Aurélien Tchouaméni 80M€
86%
9 01/02 Juventus Real Madrid Zinédine Zidane 77M€
86%
8 19/20 Atletico Madrid Bayern Munich Lucas Hernández 80M€
83%
25 23/24 Bayern Munich Paris SG Lucas Hernández 45M€
83%
20 24/25 Stade Rennais Paris SG Désiré Doué 50M€
80%
27 23/24 Olympique Lyonnais Paris SG Bradley Barcola 45M€
79%
18 24/25 Crystal Palace Bayern Munich Michael Olise 53M€
78%
19 17/18 Olympique Lyonnais Arsenal Alexandre Lacazette 53M€
76%
10 18/19 As Monaco Atletico Madrid Thomas Lemar 72M€
76%
11 24/25 LOSC Lille Manchester United Leny Yoro 62M€
75%
16 17/18 As Monaco Manchester City Benjamin Mendy 57M€
74%
23 19/20 Olympique Lyonnais Real Madrid Ferland Mendy 48M€
74%
22 22/23 Séville FC FC Barcelone Jules Koundé 50M€
73%
14 23/24 RB Leipzig Chelsea Christopher Nkunku 60M€
71%
30 17/18 Olympique Lyonnais Bayern Munich Corentin Tolisso 41M€
71%
13 24/25 Aston Villa Al-Ittihad Moussa Diaby 60M€
66%
17 23/24 Bayer Leverkusen Aston Villa Moussa Diaby 55M€
66%
6 22/23 Leicester City Chelsea Wesley Fofana 80M€
66%
15 15/16 As Monaco Manchester United Anthony Martial 60M€
65%
29 21/22 RB Leipzig Bayern Munich Dayot Upamecano 42M€
63%
12 19/20 Olympique Lyonnais Tottenham Tanguy Ndombélé 60M€
61%
26 23/24 AS Monaco Chelsea Axel Disasi 45M€
53%
28 14/15 FC Porto Manchester City Eliaquim Mangala 45M€
36%
24 24/25 Leeds United Brighton Georginio Rutter 46M€
36%
Aucun quiz correspondant
Distribution des résultats
% des personnes avec chaque résultat
Percentile par nombre de réponses
Votre historique - résultats
Vous n’avez pas pris ce quiz depuis la dernière actualisation